El consentimiento informado de niños, niñas y adolescentes privados de cuidados parentales / (Registro nro. 6256)
[ vista simple ]
| 000 -LEADER | |
|---|---|
| fixed length control field | 01351nab a22002297a 4500 |
| 003 - CONTROL NUMBER IDENTIFIER | |
| control field | OSt |
| 005 - DATE AND TIME OF LATEST TRANSACTION | |
| control field | 20260128020758.0 |
| 008 - FIXED-LENGTH DATA ELEMENTS--GENERAL INFORMATION | |
| fixed length control field | 190514b xxu||||| |||| 00| 0 spa d |
| 040 ## - CATALOGING SOURCE | |
| Transcribing agency | PJ |
| 100 ## - MAIN ENTRY--PERSONAL NAME | |
| 9 (RLIN) | 6967 |
| Personal name | Cédola, Agustina |
| 245 13 - TITLE STATEMENT | |
| Title | El consentimiento informado de niños, niñas y adolescentes privados de cuidados parentales / |
| Remainder of title | El consentimiento informado de niños, ninteracción entre el Código Civil y Comercial y la ley 26.529 sobre derechos del paciente en su relación con los profesionales e instituciones de la salud / |
| Statement of responsibility, etc | Agustina Cédola. |
| 300 ## - PHYSICAL DESCRIPTION | |
| Extent | p. 63-75 |
| 500 ## - GENERAL NOTE | |
| General note | Cita: TR LALEY AR/DOC/2503/2025. |
| 505 ## - FORMATTED CONTENTS NOTE | |
| Formatted contents note | Sumario: I. Introducción.— II. El deber alimentario derivado del matrimonio en el Cód. Civ. y Com.— III. La cuestión de los alimentos en el marco de las uniones convivenciales.— IV. Violencia económica y perspectiva de género: interacciones con la ley 26.485.— V. Conclusión. |
| 505 ## - FORMATTED CONTENTS NOTE | |
| Title | Si te interesa el texto, comunicate a koha@justierradelfuego.gov.ar |
| 650 #0 - SUBJECT ADDED ENTRY--TOPICAL TERM | |
| 9 (RLIN) | 967 |
| Topical term or geographic name as entry element | DERECHO DE FAMILIA |
| 650 #0 - SUBJECT ADDED ENTRY--TOPICAL TERM | |
| 9 (RLIN) | 2741 |
| Topical term or geographic name as entry element | DERECHOS DE LAS NIÑAS, NIÑOS Y ADOLESCENTES |
| 650 #0 - SUBJECT ADDED ENTRY--TOPICAL TERM | |
| 9 (RLIN) | 1253 |
| Topical term or geographic name as entry element | DERECHO A LA SALUD |
| 650 #0 - SUBJECT ADDED ENTRY--TOPICAL TERM | |
| 9 (RLIN) | 4273 |
| Topical term or geographic name as entry element | CONSENTIMIENTO INFORMADO |
| 773 0# - HOST ITEM ENTRY | |
| Host Biblionumber | 2844 |
| Host Itemnumber | 3222 |
| Place, publisher, and date of publication | Buenos Aires : AbeledoPerrot, 1989- |
| Title | Derecho de familia. N° 122 - Noviembre 2025 |
| International Standard Book Number | 18511201 |
| 942 ## - ADDED ENTRY ELEMENTS (KOHA) | |
| Source of classification or shelving scheme | |
| Koha item type | Analítica Artículo de Revista |
No hay ítems disponibles.
